000 00779nam a2200217Ii 4500
003 JO-AjNU
008 230605s9999||||xx |||||||||||||| ||und||
017 _a2003/14824
020 _a977-322-095-8
040 _aJO-AjNU
_bara
_erda
_cJO-AjNU
041 _aara
050 1 4 _aDT83.F3722 2004
100 3 _aتاليف فرح، أبو اليسر,
_eauthor
_910640
245 0 0 _a تاريخ مصر في عصري البطالمة والرومان
264 3 1 _aالقاهرة: عين للدراسات والبحوث الانسانية والاجتماعية، 2004
300 _a234ص
336 _atext
_btxt
_2rdacontent
337 _aunmediated
_bn
_2rdamedia
338 _avolume
_bnc
_2rdacarrier
650 4 _aمصر-عصر البطالمة والرومان-تاريخ
_910641
999 _aA1910
_c5478
_d5478